Theory of chemisorption /

Guardado en:
Otros Autores: Smith, John Robert, 1940-, (Editor , ed.), Appelbaum, J. A. (Contribuidor)
Formato: Libro
Idioma:English
Publicado: Berlin : Springer-Verlag, 1980.
Series:Topics in current physics ; v. 19
Materias:
Etiquetas: Agregar Etiqueta
Sin Etiquetas, Sea el primero en etiquetar este registro!
LEADER 00922cam a22002535a 4500
001 EIQ.libpla000618
008 791228s1980####wb#a#####b####001#0#eng#d
005 20060531182042.0
245 0 0 |a Theory of chemisorption /  |c edited by J. R. Smith ; with contributions by J. A. Appelbaum ... [et al.]. 
260 |a Berlin :  |b Springer-Verlag,  |c 1980. 
300 |a ix, 240 p. :  |b 116 il. ;  |c 25 cm. 
440 0 |a Topics in current physics ;  |v v. 19 
504 |a Incluye referencias bibliográficas e índice. 
020 |a 0387098917 (U.S) 
700 1 |a Smith, John Robert,  |d 1940-,  |e ed.  |4 edt 
700 1 |a Appelbaum, J. A.  |q (Joel A.)  |4 ctb 
082 0 0 |a 541.3/453 
650 4 |a Quimisorción  |x Teoría. 
650 4 |a Quimisorción  |x Superficies. 
650 4 |a Chemisorption  |x Theory. 
650 4 |a Chemisorption  |x Surfaces. 
010 |a  79027542  
040 |a DLC  |c DLC  |d AR-BbSID 
859 |a AR-BbSID  |b BIB. PLAPIQUI  |h 541.345 3  |i T 343  |p 3194